| Tag |
First Indicator |
Second Indicator |
Subfields |
| LEADER |
00000cam a2200000 i 4500 |
| 001 |
in00000813521 |
| 005 |
20151017113039.0 |
| 008 |
790701s1978 xx f00000 eng d |
| 010 |
|
|
|a gp 80011360
|
| 020 |
|
|
|c pbk.
|
| 035 |
|
|
|a (OCoLC)05145507
|
| 035 |
|
|
|9 ADU4665AM
|
| 037 |
|
|
|b 53705
|
| 040 |
|
|
|a TXR
|c TXR
|d GPO
|d UtOrBLW
|
| 043 |
|
|
|a n-us---
|
| 074 |
|
|
|a 83-B (microfiche)
|
| 086 |
0 |
|
|a A 13.88:FPL-19
|
| 090 |
|
|
|a TA420
|b .K293
|
| 100 |
1 |
|
|a Kaiserlik, J.
|q (Joseph)
|
| 245 |
1 |
0 |
|a Nondestructive testing methods to predict effect of degradation on wood :
|b a critical assessment /
|c by J. Kaiserlik.
|
| 264 |
|
1 |
|a [Madison, Wis.] :
|b Dept. of Agriculture, Forest Service, Forest Products Laboratory,
|c 1978.
|
| 300 |
|
|
|a 53 unnumbered pages :
|b illustrations ;
|c 27 cm.
|
| 336 |
|
|
|a text
|b txt
|2 rdacontent
|
| 337 |
|
|
|a unmediated
|b n
|2 rdamedia
|
| 338 |
|
|
|a volume
|b nc
|2 rdacarrier
|
| 490 |
1 |
|
|a USDA Forest Service general technical report FPL ; 19
|
| 500 |
|
|
|a Final report, prepared under MIPR number N68305 77 MIPR-7-06.
|
| 504 |
|
|
|a Bibliography: pages 32-40.
|
| 650 |
|
0 |
|a Wood
|x Deterioration.
|
| 650 |
|
0 |
|a Wood
|x Standards.
|
| 710 |
2 |
|
|a Forest Products Laboratory (U.S.)
|
| 710 |
1 |
|
|a United States.
|b Forest Service.
|
| 830 |
|
0 |
|a U.S.D.A. Forest Service general technical report FPL ;
|v 19.
|
| 999 |
|
|
|a MARS
|
| 999 |
f |
f |
|s 79410966-a139-3e60-aa04-6421c03de292
|i d2e83c28-c814-33c2-a4c9-1a5e4b1e798b
|t 0
|
| 952 |
f |
f |
|p normal
|a Texas A&M University
|b College Station
|c Sterling C. Evans Library
|d Evans: US Documents (Annex 5th floor)
|t 0
|e A 13.88: FPL-19
|h Superintendent of Documents classification
|i unmediated -- volume
|m A14812794620
|
| 998 |
f |
f |
|a A 13.88: FPL-19
|t 0
|l Evans: US Documents (Annex 5th floor)
|